000 00802nam a2200205 a 4500
003 0
005 20250620131810.0
008 021118s19uu xx 00 eng d
050 _aPHS LC 2808.P6
_b.M43 1999
100 _aMedina, Naomi.
245 _aPerception of parents on Southville International School's academics, values and discipline /
_cNaomi Medina.
260 _aLas PiƱas City, Philippines :
_bSouthville International School and Colleges,
_c1999.
300 _aunnumbered pages :
_billustrations ;
_c28 cm.
504 _aIncludes bibliographical references.
650 _aEducation
_zPhilippines
_xParent participation.
650 _aSchool discipline
_zPhilippines.
650 _aMoral education
_zPhilippines.
650 _aValues
_xStudy and teaching
_zPhilippines.
942 _2lcc
_cPASS
999 _c96254
_d96254